000 00201 a2200097 4500
001 764
100 _aTerman,F.E
245 _aRadio engineers handbook
260 _a
_bMcgrawhill
_c
090 _c358
_d358
942 _aNUST-CAE
_cM
_c28668
999 _c235837
_d235837